[Event "New In Chess Classic | Knockout"]
[Site "Online"]
[Date "2021.04.29"]
[Round "1.4"]
[White "Aronian, Levon"]
[Black "Carlsen, Magnus"]
[Result "1-0"]
[WhiteElo "2778"]
[BlackElo "2881"]
[EventDate "2021.??.??"]
[Annotator "Bojkov,Dejan"]
[PlyCount "135"]
[Beauty "5983963187744"]
[EventType "schev"]
[EventRounds "2"]

1.d4 Nf6 2.Nf3 e6 3.Bf4 b6 4.e3 Bb7 5.Bd3 Be7 6.h3 {In a must-win situation, Aronian chooses to keep as many pieces on the board as he can.} 6...c5 7.c3 cxd4 ( {A similar play leads to} 7...O-O 8.O-O d6 9.Qe2 Nbd7 10.Nbd2 Re8 11.Bh2 Bf8 12.e4 cxd4 13.cxd4 e5 {Tari,A (2639)-Pichot,A (2630) Online 2021} ) 8.exd4 O-O 9.O-O d6 10.Re1 Nbd7 11.a4 $5 {White's plan is to gain as much space on the queenside and ideally provoke weaknesses there.} 11...a6 12.Bg3 $146 {A novelty.} ( {An earlier game demonstrated White's main idea:} 12.Na3 Re8 13.Bh2 Nf8 14.Nc4 Ng6 15.a5 {The b6-point has been opened for the white knight, but Black quickly got rid of it after} 15...b5 16.Nb6 Rb8 17.Nd2 Nd7 18.Nxd7 Qxd7 19.Qg4 {Vitiugov,N (2722)-Cordova,E (2592) Chess.com 2020} ) 12...Re8 13.Na3 Bf8 ( {Carlsen could have played like Cordova above with} 13...Nf8 $5 {followed by Nf8-g6, Be7-f8, eventually preparing e6-e5.} ) 14.Nc4 Qc7 15.Nfd2 b5 {This move will likely be played sooner or later.} ( {However, it made sense to postpone it for a while and try} 15...Bc6 {instead, e.g.} 16.Qe2 b5 17.axb5 ( {Although here too White can fight for the edge with} 17.Na5 $5 Bd5 18.axb5 axb5 19.Nab3 Rxa1 20.Rxa1 {but then Black may try for active counterplay in the center with} 20...e5 ) 17...axb5 18.Ne3 Qb6 {and Black's position seems solid enough.} ) 16.Na3 {Putting more pressure on Black.} ( 16.axb5 {seems to promise White less after} 16...axb5 17.Na3 b4 18.cxb4 Qb6 19.Nc2 Rxa1 20.Qxa1 Qc6 ) 16...bxa4 17.Qxa4 Bc6 18.Qc2 Qb7 {Carlsen played this obvious move very quickly, but it is a blunder.} ( 18...e5 19.dxe5 Nxe5 {with active play in returned for the ruined pawn structure was called for.} ) 19.Nac4 $1 {Blitzed instantly. After this the world champion started shaking his head in disbelief...} 19...Qc7 {...and accepted the loss of two important tempi as calmly as he could under the circumstances.} ( {Of course, not} 19...Bxg2 $4 20.Na5 ) 20.Na5 Ra7 21.Nxc6 {capturing the excellent bishop at once.} ( {And there was a second promising idea:} 21.c4 $5 Ba8 22.c5 ) 21...Qxc6 22.b4 ( {Also good was to put pressure on the weak a6-pawn at once with} 22.Ra5 $5 {when after the tripling of White's major pieces along the a-file the pawn is doomed.} ) 22...Rc8 23.c4 ( {Here too} 23.Ra3 $5 {is quite tempting as} 23...d5 $2 {is never an option due to} 24.b5 ) 23...e5 $1 {Carlsen fights fiercely for his life. This is the only way to demonstrate some activity and to bring the pieces into the game.} 24.dxe5 Nxe5 25.Bf1 {White's better pawn structure and bishop pair allow him the luxury to play without any rush. The move in the game prepares the queenside break.} ( {The other way to play is} 25.Bxe5 $5 dxe5 26.c5 {intending to put the knight on a5. Whether or not Black pushes his a-pawn} 26...a5 27.Nb3 a4 28.Na5 {the passers will soon move decisively to the promotional zone.} ) 25...Rb7 26.Qb3 Rcb8 27.b5 axb5 28.cxb5 {An outside passer has been added to White's assets. His advantage is growing.} 28...Qb6 29.Nc4 Nxc4 30.Bxc4 {Now the last thing Aronian needs to do is to clear the path for his passer. He can remove some of the blockaders with his rooks, but ideally, he needs his dark-squared bishop transferred on the g1-a7 diagonal.} 30...Rc8 31.Ra6 ( {Stronger seems} 31.Rec1 $5 d5 32.Bd3 Rxc1+ 33.Rxc1 {followed by Qb3-b1(a4) and Rc1-c6.} ) 31...Qc5 {Active defense again.} 32.Bd3 ( {Or the slightly safer} 32.Bf1 $5 d5 33.Rd1 ) 32...d5 33.Bf4 {Aronian is almost there, but Carlsen has...} ( 33.Qa4 $1 {would have been more accurate instead.} ) 33...Ne4 34.Be3 d4 35.Bf4 Nc3 {...finally bringing the knight into an optimal position and blocking the c-file. In the meanwhile, the g1-a7 diagonal has been locked and White's task became definitely more difficult. Have I also mentioned that Aronian was running very low on time?} 36.Re5 Qb4 {One more achievement for the world champion: the queens are swapped.} 37.Qxb4 Bxb4 38.g4 $1 {But White is still in control. With his last move, Aronian searches for a second weakness on the kingside, and his majesty looks like a promising candidate for that role!} 38...g6 39.Kg2 {An automatic, improving move in time trouble.} ( {However,} 39.h4 $1 {is a much more useful move here, when} 39...Rcb8 ( {Black cannot remove the annoying rook from the fifth rank that easily:} 39...Kg7 40.h5 f6 41.Rc6 $1 Rbc7 42.h6+ Kf7 43.Bc4+ $1 {and Black is mated.} ) 40.h5 Nxb5 {is not working for the second player due to} 41.Be4 $1 Rb6 42.Rxb6 Rxb6 43.Re8+ Kg7 {And now we see why the pawns were advanced. They can execute the final blows} 44.h6+ Kf6 45.g5# ) 39...Rcb8 $1 {It is dangerous standing against the bishop, but dealing with the passer on b5 is much more important.} 40.Re1 Rd8 ( {Not yet} 40...Nxb5 $2 41.Rb1 Nc7 42.Rc6 Ba5 43.Rbc1 ) 41.Bg5 ( {Missing the strong} 41.Rea1 $1 {with the idea to meet the capture} 41...Nxb5 {with} 42.Be4 {when the board is suddenly too narrow for the black rooks, and White wins the exchange after} 42...Rbd7 43.Bc6 Nc7 44.Ra7 Ne6 45.Rxd7 Rxd7 46.Bxd7 Nxf4+ 47.Kg3 Bd6 ) 41...Rdb8 42.Bf4 Rd8 43.Re5 Rdb8 44.Rc6 $1 {Taking under control the c7-spot.} ( {As in the line} 44.h4 Nxb5 45.Rd5 {The knight can retreat to} 45...Nc7 ) 44...Nxb5 {Ufff, finally one major pain is removed. However, the black pieces are still in trouble} 45.Rd5 Na7 $1 {But Carlsen skillfully maneuvers in a tight space.} 46.Rc1 Re8 47.Rb1 Rb6 $1 {With only a few seconds left on their clocks, both players intuitively find the best moves.} ( {Correctly avoiding} 47...Ree7 48.Bh6 ) 48.Bc7 {Now Carlsen almost escapes.} ( 48.Rxd4 {would not have promised White much after} 48...Bc5 ) ( {However,} 48.Bc4 $1 {would have kept strong pressure thanks to the perfect coordination of the white pieces.} ) 48...Rc6 49.Rd7 Re7 50.Rd8+ Kg7 51.Bf4 Ba5 ( {Safer is} 51...Rb6 52.Rd5 Nc6 {brining the knight in.} ) 52.Ra8 Rc8 $1 {Just in time trading one of the key attackers.} 53.Rbb8 Rxb8 54.Bxb8 Bb6 {This looks safe, but that actually allows one last attacking wave.} ( {Black would have been safe after} 54...Nc6 $1 55.Bd6 Rd7 56.Bf8+ Kg8 $1 {But who on earth would put his king in front of a discovered check in time pressure?} ( {Not} 56...Kf6 57.Re8 {as in the game.} ) ) 55.Bd6 $1 Rd7 56.Bf8+ {Pulls the king out.} 56...Kf6 57.Rb8 ( 57.Re8 $1 {at once is needed.} ) 57...Ba5 ( 57...Bd8 $1 {would save Black instead.} ) 58.Re8 $1 {There it is! The black king is in a mating cage again. All White wants now is to push his kingside pawns up: f2-f4 and then g4-g5, or h3-h4 and then g4-g5 would be mate. Carlsen is helpless.} 58...Bc7 ( {In case of the more resilient} 58...Bd2 59.h4 h6 {White can modify his attacking setup with} 60.Re2 Bf4 61.Kf3 g5 62.Ra2 Nc8 63.Ra5 {winning.} ) 59.h4 g5 ( {The endgame after} 59...Bf4 60.g5+ Bxg5 61.hxg5+ Kxg5 62.Be7+ {is lost for Black. White's bishops are too strong.} ) 60.Bf5 Rd5 61.Be7+ Ke5 62.Bc5+ {The most practical.} ( {There is no need to allow any complications, say after} 62.hxg5 Kf4 $1 ) 62...Kf6 63.hxg5+ Kxg5 64.Bxa7 d3 65.Be3+ Kf6 66.Bd2 h5 67.Be4 Rb5 68.g5+ 1-0

[Event "New In Chess Classic | Prelims"]
[Site "Online"]
[Date "2021.04.24"]
[Round "3.7"]
[White "Duda, Jan Krzysztof"]
[Black "Mamedyarov, Shakhriyar"]
[Result "0-1"]
[WhiteElo "2774"]
[BlackElo "2761"]
[EventDate "2021.??.??"]
[Annotator "Bojkov,Dejan"]
[PlyCount "54"]
[Beauty "8249982075431"]
[EventType "team-tourn"]

1.d4 Nf6 2.c4 e6 3.Nf3 c5 4.d5 b5 {The Blumenfeld gambit is not the most common opening at a top level, but something creative should definitely be expected by these two players!} 5.dxe6 fxe6 6.cxb5 d5 7.g3 a6 {A fresh approach.} ( {The main continuation is} 7...Bd6 ) 8.bxa6 Nc6 9.Bg2 ( {White did more than well in the following game:} 9.Bh3 Rxa6 10.O-O e5 11.Bxc8 Qxc8 12.Bg5 e4 13.Bxf6 exf3 14.Bc3 {with a large advantage for the first player in Korobov,A (2694)-Ponkratov,P (2613) Moscow 2015} ) 9...Be7 10.O-O O-O 11.Nc3 Bxa6 {The opening is more or less over, and Mamedyarov got the usual compensation for the line. Unlike the Benko gambit where Black mainly operates on the half-open a- and b-files, Black searches for a quick kingside attack in the Blumenfeld. He often succeeds in doing so, thanks to his solid center.} 12.b3 h6 ( {The immediate queen transfer is also possible} 12...Qe8 {As} 13.Ng5 Bd6 {is not dangerous for Black.} ) 13.Bb2 $146 {The obvious development is a novelty.} ( {The predecessor was not a huge success for White:} 13.Na4 Ne4 14.Bb2 Bf6 15.Nd2 Bxb2 16.Nxe4 Bxa1 17.Nexc5 Nd4 18.Qxa1 Qf6 19.Nxa6 Nxe2+ {and Black was close to winning in Michalik,P (2584)-Zwardon,V (2383) Czechia 2014} ) 13...Qe8 {Natural and good. That is the main idea of the line. The queen is transferred to the h5-square, next Nf6-g4 will follow and the half-open f-file would provide Black decisive attacking supplies.} 14.Rc1 ( {It made sense to block the light-squared bishop with something like} 14.a4 Rb8 15.Nb5 Bxb5 16.axb5 Rxb5 17.Bh3 {True, in that case Black does not seem to have too many problems either.} ) ( {The other restrictive idea would have been} 14.Na4 Ne4 15.Nd2 {and this time it makes more sense with the black queen no longer controlling the f6-square in comparison to Michalik-Zwardon above.} ) 14...Qh5 15.Re1 ( {In case of the immediate attack against the c5-pawn} 15.Na4 Ne4 16.Ba3 {Black would have likely reacted with} 16...Bb5 17.Bxc5 Bxc5 18.Nxc5 Rxa2 19.Nd3 d4 {with more than enough for the sacrificed pawn.} ) ( {However, in hindsight} 15.h3 {might have been the lesser evil.} ) 15...Rad8 ( 15...d4 $5 {would have been good too:} 16.Na4 Rad8 ) 16.Na4 Ne4 {For the time being Mamedyarov mounts more pressure while keeping his pawn.} ( {Here too} 16...d4 $5 {made a lot of sense with the key idea} 17.Ba3 Ng4 18.h3 Nxf2 $1 {when Black crashes through the center with} 19.Kxf2 d3 20.exd3 ( 20.e3 $2 d2 ) 20...Rxd3 {and the attack is irresistible.} ) 17.Ba3 Ne5 $1 {The time had come to sacrifice the c5-pawn. Since the first knight no longer has access to the g4-square, the Azerbaijani GM brings the second one there.} ( {However, the central break preparation might have promised him even more:} 17...d4 18.b4 {And once more} 18...d3 $1 {sees Black taking over the initiative:} 19.exd3 Rxd3 20.Qe2 Ng5 21.Nxg5 Qxe2 22.Rxe2 Bxg5 {with an edge for Black.} ) 18.Bxc5 Ng4 $3 {Beautiful final preparation. Now everything is ready for the decisive attack. Black only needs to get rid of the key defender on f3.} 19.Bxe7 {Duda thinks that this bishop will save the day, but that is an illusion.} ( {The only chance is} 19.h4 $1 {As ugly as this move is, it is at least buying some time for White to defend. The arising lines are very complicated; however, it seems as the game remains approximately even, e.g.} 19...Bxc5 20.Nxc5 Ngxf2 21.Qd4 Qg4 22.Qe5 Rf6 23.Nxa6 Nh3+ 24.Bxh3 Qxh3 25.Nc5 Nxg3 26.Kf2 Rxf3+ 27.exf3 Qh2+ 28.Ke3 Nf1+ 29.Kd4 Qf2+ 30.Re3 Qb2+ 31.Rcc3 Qd2+ 32.Red3 Qf2+ {with perpetual, because if White tries to deviate with} 33.Re3 Qd2+ 34.Nd3 $2 {he will lose to} 34...Nxe3 35.Qxe3 Qxe3+ 36.Kxe3 d4+ ) 19...Rxf3 $1 {This is what it was all about.} 20.Bh4 ( {The captures obviously lead to mate} 20.exf3 Qxh2# ) ( {Or} 20.Bxf3 Qxh2+ 21.Kf1 Qxf2# ) ( {However,} 20.h3 $1 {would still keep White in the game. Again, the lines are very complicated, but the verdict is that Black is calling the shots, whereas if White is creative enough, it should end in a draw, like} 20...Rxf2 21.Qd4 Rxg2+ 22.Kxg2 Ngf2 23.Bh4 e5 24.Qa7 Rf8 25.Qxa6 Qf5 26.Rh1 g5 27.Qxh6 Nxh1 28.g4 Qf4 29.Qg6+ ) 20...Rxf2 $1 21.Bxe4 ( {After} 21.Qd4 Rdf8 {every single black piece is in the action, and it is no surprise that White cannot withstand the pressure:} 22.Bxe4 dxe4 23.Qxe4 {Now to a beautiful win leads} 23...Bb7 $3 24.Qxb7 Ne3 {Once the knight occupies the e3-square, it is curtains as the simple threat of positioning the queen on the f-file followed by a back-rank mate cannot be prevented. And if} 25.Qe4 Qxe2 $1 {is a nice finish} 26.Rxe2 Rf1+ 27.Rxf1 Rxf1# ) 21...Rxh2 $1 22.Bf3 Rxh4 $1 {Amazing rook! It has cleared the road for the remaining major pieces.} 23.gxh4 Qxh4 24.Bxg4 Qxg4+ 25.Kh2 Qh4+ 26.Kg2 d4 $1 {Creating two threats at the same time. The more obvious one Duda stops:} 27.Nc5 {But after} ( {Nothing helps} 27.e4 dxe3 ) 27...Qg4+ {White resigned.} ( 27...Qg4+ {as he had no argument against the second threat} 28.Kh2 Rd5 ) 0-1

[Event "E Candidates Tournament"]
[Site "Yekaterinburg"]
[Date "2021.04.27"]
[Round "14.3"]
[White "Ding, Liren"]
[Black "Nepomniachtchi, Ian"]
[Result "1-0"]
[WhiteElo "2791"]
[BlackElo "2789"]
[EventDate "2021.??.??"]
[Annotator "Bojkov, Dejan, Peter,Doggers"]
[PlyCount "69"]
[Beauty "8041273494087"]
[EventType "schev"]
[EventRounds "3"]
[EventCountry "FID"]

1.d4 Nf6 {Nepomniachtchi explained at the press conference that yesterday he was very motivated about this game, but this morning when he woke up he found that the motivation had disappeared. Or if we have to quote Vysotsky: \"Today, the muse came here to visit me, before I could relax, she had to go.\" It sounds even better in Russian.} 2.c4 g6 3.f3 e6 $5 4.e4 c5 5.d5 d6 6.Bd3 $5 {Not the main move here.} ( {Both players already had a discussion in this line where the Chinese GM went mainstream:} 6.Nc3 exd5 7.cxd5 Bg7 8.Nge2 O-O 9.Ng3 a6 10.a4 Nbd7 11.Be2 Ne8 12.O-O Rb8 13.Re1 Bd4+ 14.Kh1 Qh4 15.Rf1 Ne5 {with normal Benoni play in Ding,L (2811)-Nepomniachtchi, I (2776) Chess.com 2019} ) 6...Bg7 ( {After} 6...exd5 7.cxd5 {White's knight on b1 can be maneuvered to c4.} ) 7.Ne2 exd5 8.cxd5 Nbd7 9.Nec3 $146 {This seemingly unusual move is a novelty and one might wonder why would the kingside knight stand on the road of its colleague and obstruct it? The thing is that White often finds little to no work for the e2 knight, whereas it will be tremendously strong on c4. The ambitious move in the game tries to solve this problem at once, leaving the c4 square available for the queenside knight. The only problem is that this wastes too much time and Black is immediately trying to make the best use of it.} ( {Previously} 9.a4 {has been tried in the folowing email game:} 9...O-O 10.O-O Ne5 11.Bc2 a6 12.Nd2 Re8 13.b3 Rb8 14.Bb2 Nh5 15.Ra2 b5 {Ugrinovsky,A (2084)-Franzen,T (2278) ICCF email 2017} ) 9...a6 10.a4 Nh5 11.O-O Bd4+ 12.Kh1 Ne5 {\"This is very strong.\" (Ding)} ( {The Chinese player expected} 12...Qh4 {threatening mate in one but there is} 13.Qe1 Qxe1 14.Rxe1 {with a slight edge for White.} ) 13.Ne2 ( 13.Be2 {is answered by the typical Benoni move} 13...g5 ) ( {But perhaps the other retreat} 13.Bc2 {was better with the idea to meet} 13...g5 {with} 14.Ne2 ) 13...Qh4 14.Nxd4 Nxd3 {Nepomniachtchi said he suffered from \"too much knowledge.\"} ( {He remembered things from similar positions but here the normal} 14...cxd4 {\"is absolutely healthy\" (Nepomniachtchi)} 15.Kg1 g5 {followed by Nh5-f4 was better and equal.} ( {Or} 15...O-O {followed by f7-f5 and \"it'll surely be fine for Black.\" (Nepomniachtchi)} ) ) ( {Nepomniachtchi thought} 14...Ng3+ 15.Kg1 Nxf1 16.Bxf1 cxd4 17.Qxd4 Qf6 {An important move. (Nepomniachtchi)} ( {They both knew that} 17...O-O {is risky due to} 18.f4 ) 18.Be3 g5 {was playable too but here White seems to be better after} 19.Nd2 $1 {followed by Nd2-c4. The dark-square superiority, the safer king and the bishop pair are more than enough for the exchange.} ) 15.Qxd3 Ng3+ 16.Kg1 Nxf1 17.Nc2 $1 {White is trying to trap the knight.} 17...Nxh2 ( {The problem with} 17...Qxh2+ 18.Kxf1 Qh1+ 19.Kf2 Qxc1 {is} 20.Qc3 $1 {winning a tempo on h8 and after} 20...O-O 21.Nd2 {wins the queen and White has an extra piece.} ) 18.Qe3 $1 {The most accurate and now indeed the black knight has nowhere to go.} ( {Black spent some time calculating the interesting line} 18.Qc3 Qg3 ( {But at some point dismissed the calculations as needless, since he has the simple} 18...O-O ) 19.Qxh8+ Ke7 20.Qc3 Bh3 21.Ne1 Bxg2 22.Bf4 ) 18...O-O ( {Perhaps the best try was} 18...g5 {but both} 19.e5 $5 ( {and} 19.Nd2 {are better for White.} ) ( 19.Qf2 Qxf2+ 20.Kxf2 f6 ( 20...Rg8 ) 21.Kg1 Nxf3+ 22.gxf3 h5 ) 19...Bf5 20.exd6+ Kf8 21.Qe7+ Kg7 22.Qxg5+ Qxg5 23.Bxg5 Bxc2 24.Kxh2 ) 19.Qg5 {\"I just missed this.\" (Nepomniachtchi)} ( {The Russian GM expected instead} 19.Qf4 Nxf3+ 20.gxf3 {and thought this to be playable after both} 20...Qh3 ( {Or} 20...Qe7 ) ) 19...Nxf3+ ( {If a tricky move like} 19...Qh3 20.Bf4 $1 ) 20.gxf3 Qh3 21.Bf4 $1 {Continuing energetically. Black is already lost here.} ( {Ding also calculated the lines} 21.Qf6 Qg3+ 22.Kf1 Bh3+ 23.Ke2 Qg2+ 24.Kd3 Qf1+ 25.Kc3 Qxc1 ( {And} 25...b5 26.Bh6 b4+ 27.Kb3 Qd3+ 28.Nc3 c4+ 29.Ka2 b3+ 30.Ka3 {with inevitable mate.} ) ( {However the Chinese GM dismissed the line due to} 25...c4 $1 ) 26.Nd2 {when the familiar queen trapping appears.} ) 21...Qxf3 22.Nd2 f6 23.Qxg6+ hxg6 24.Nxf3 {\"At first I thought this is playable, if I can trade a few pawns.\" (Nepomniachtchi) \"But you cannot.\" (Ding)} 24...Bg4 ( {Against} 24...Re8 {Ding thought about} 25.Re1 Bg4 26.Nd2 f5 27.Ne3 ) 25.Nd2 $1 {\"A very strong move.\" (Nepomniachtchi) The idea is not to trade the light pieces.} 25...Be2 26.Kf2 Bd3 27.Ne1 c4 28.Bxd6 {The white pieces help their pawns run towards the promotional rank.} 28...Rfe8 29.Nxd3 cxd3 30.Bc7 Kf7 31.Ra3 Rac8 32.d6 Ke6 33.Rxd3 Kd7 34.Nc4 Rxc7 35.Nb6+ {Although Nepomniachtchi lost his final encounter, he won the war and will be next WCC contender. We are looking forward to an exciting match!} 1-0